[Event "Bishkek Impuls Cup"]
[Site "Bishkek"]
[Date "2021.01.09"]
[Round "9"]
[White "Kurbanbaev, Zalkar"]
[Black "Batabaev, Mirgalim"]
[Result "1-0"]
[WhiteElo "1474"]
[BlackElo "1845"]
[PlyCount "85"]
[EventDate "2020.12.12"]
[EventType "tourn"]
[EventRounds "11"]
[EventCountry "KGZ"]
[SourceTitle "EXT 2022"]
[Source "ChessBase"]
[SourceDate "2021.10.06"]
[SourceVersion "1"]
[SourceVersionDate "2021.10.06"]
[SourceQuality "1"]

1. d4 e6 2. Nf3 d5 3. Bf4 Bd6 4. Bg3 Nf6 5. Nbd2 c5 6. e3 Nc6 7. Bb5 a6 8. Bxc6+ bxc6 9. Ne5 Bxe5 10. dxe5 Nd7 11. 0-0 c4 12. b3 cxb3 13. cxb3 0-0 14. e4 Bb7 15. f4 f5 16. exd5 cxd5 17. Bf2 Rc8 18. Nf3 Nb8 19. b4 Nd7 20. Qb3 Rc4 21. Be3 Qe7 22. a3 Rfc8 23. Rac1 h6 24. Qb2 Qd8 25. Nd4 Kf7 26. Nb3 Rxc1 27. Rxc1 Rxc1+ 28. Qxc1 Qc8 29. Bc5 Ba8 30. Nd4 g6 31. h3 Bc6 32. g4 Bb5 33. Qc2 Bc4 34. gxf5 Nxc5 35. fxg6+ Kg8 36. bxc5 Qxc5 37. Qf2 Qb6 38. Kh2 Bd3 39. Qh4 Qxd4 40. Qd8+ Kg7 41. Qf6+ Kg8 42. Qf7+ Kh8 43. Qh7# 1-0

[Event "Bishkek Impuls Cup"]
[Site "Bishkek"]
[Date "2020.12.19"]
[Round "3"]
[White "Karymshakov, Meder"]
[Black "Batabaev, Mirgalim"]
[Result "0-1"]
[WhiteElo "1409"]
[BlackElo "1845"]
[PlyCount "43"]
[EventDate "2020.12.12"]
[EventType "tourn"]
[EventRounds "11"]
[EventCountry "KGZ"]
[SourceTitle "EXT 2022"]
[Source "ChessBase"]
[SourceDate "2021.10.06"]
[SourceVersion "1"]
[SourceVersionDate "2021.10.06"]
[SourceQuality "1"]

1. e4 e5 2. Nf3 Nf6 3. Nxe5 d6 4. Nf3 Nxe4 5. d4 d5 6. Bd3 Be7 7. h3 Nc6 8. c3 Bf5 9. 0-0 0-0 10. Qc2 Bg6 11. Bf4 Ng5 12. Nbd2 Nxf3+ 13. gxf3 Bd6 14. Bg3 Qg5 15. Kg2 Bf4 16. Rad1 Rae8 17. h4 Qh6 18. h5 Bxg3 19. Bxg6 Bf4 20. Ne4 dxe4 21. Rh1 hxg6 22. Rdg1 0-1

[Event "KGZ-ch FL"]
[Site "Bishkek"]
[Date "2019.03.05"]
[Round "3"]
[White "Batabaev, Mirgalim"]
[Black "Mirlan Uulu, Syimyk"]
[Result "1/2-1/2"]
[WhiteElo "1862"]
[BlackElo "1773"]
[PlyCount "114"]
[EventDate "2019.03.03"]
[EventType "swiss"]
[EventRounds "9"]
[EventCountry "KGZ"]
[SourceTitle "EXT 2021"]
[Source "ChessBase"]
[SourceDate "2020.10.23"]
[SourceVersion "1"]
[SourceVersionDate "2020.10.23"]
[SourceQuality "1"]

1. d4 d5 2. Nc3 Nf6 3. Bg5 c6 4. Nf3 Bf5 5. e3 Nbd7 6. Bd3 Bxd3 7. cxd3 e6 8. 0-0 Be7 9. Rc1 0-0 10. a3 Ne8 11. Bf4 Bd6 12. Ne5 f6 13. Nxd7 Qxd7 14. Bxd6 Nxd6 15. Na4 e5 16. Nc5 Qe7 17. dxe5 fxe5 18. e4 d4 19. Qb3+ Kh8 20. Qe6 Rae8 21. Qxe7 Rxe7 22. f3 g5 23. Nb3 Rfe8 24. Nd2 c5 25. g3 b5 26. f4 exf4 27. gxf4 gxf4 28. Rxf4 c4 29. Rf6 Rg7+ 30. Kf2 Rf7 31. Rxf7 Nxf7 32. dxc4 Ne5 33. Ke2 bxc4 34. Nf3 d3+ 35. Ke3 Ng4+ 36. Kd4 Rd8+ 37. Kc3 d2 38. Nxd2 Rd3+ 39. Kxc4 Rxd2 40. b4 Rxh2 41. Kb5 Rf2 42. Rc8+ Kg7 43. Ka6 Rf7 44. b5 h5 45. Rc3 Kf6 46. a4 Ne5 47. a5 Ke6 48. b6 axb6 49. axb6 h4 50. b7 Nd7 51. Rc8 h3 52. Rh8 Rf3 53. Rh6+ Ke7 54. Kb5 Nb8 55. Kc4 Kd7 56. e5 Re3 57. Kd4 Re1 1/2-1/2

[Event "KGZ-ch FL"]
[Site "Bishkek"]
[Date "2019.03.04"]
[Round "2"]
[White "Tynybekov, Bakyt"]
[Black "Batabaev, Mirgalim"]
[Result "1/2-1/2"]
[WhiteElo "1678"]
[BlackElo "1862"]
[PlyCount "140"]
[EventDate "2019.03.03"]
[EventType "swiss"]
[EventRounds "9"]
[EventCountry "KGZ"]
[SourceTitle "EXT 2021"]
[Source "ChessBase"]
[SourceDate "2020.10.23"]
[SourceVersion "1"]
[SourceVersionDate "2020.10.23"]
[SourceQuality "1"]

1. d4 Nf6 2. c4 e5 3. dxe5 Ng4 4. Qd4 h5 5. Nf3 Nc6 6. Qe4 Bb4+ 7. Bd2 Bxd2+ 8. Nbxd2 Qe7 9. h3 Ngxe5 10. Nxe5 Qxe5 11. Qxe5+ Nxe5 12. f4 Nc6 13. e4 d6 14. Kf2 Bd7 15. Be2 Nd4 16. b4 f5 17. Bd3 0-0-0 18. exf5 Bxf5 19. Bxf5+ Nxf5 20. Nf3 h4 21. Rhe1 Rde8 22. Rad1 Rxe1 23. Rxe1 Kd7 24. Ng5 Re8 25. Rxe8 Kxe8 26. Kf3 Ke7 27. c5 d5 28. Kg4 Ne3+ 29. Kxh4 Nxg2+ 30. Kg3 Ne3 31. Nf3 Nc2 32. b5 Kf6 33. a4 b6 34. c6 Kf5 35. h4 d4 36. h5 d3 37. Nd2 Nd4 38. Nc4 Ne2+ 39. Kf3 Nxf4 40. Ke3 Nxh5 41. Nd6+ Ke6 42. Ne8 Ke7 43. Nxc7 Nf6 44. Kxd3 Kd6 45. Na6 Nd5 46. Nb8 g5 47. Nd7 g4 48. Kd4 g3 49. Ne5 g2 50. Nf3 Nf4 51. Ng1 Ne6+ 52. Kc4 Nc7 53. Kd4 a6 54. Ke3 axb5 55. axb5 Nxb5 56. Kf2 Nd4 57. Nh3 Kxc6 58. Kxg2 Kc5 59. Kf2 Kc4 60. Ke1 b5 61. Kd1 b4 62. Nf2 Nb5 63. Kc2 b3+ 64. Kb1 Nc3+ 65. Kb2 Na4+ 66. Kb1 Kb4 67. Ne4 Ka3 68. Nd2 Nc3+ 69. Kc1 Ka2 70. Nxb3 Kxb3 1/2-1/2

[Event "Bishkek Smart Cup 4th"]
[Site "Bishkek"]
[Date "2019.??.??"]
[Round "2"]
[White "Atambaev, Selim"]
[Black "Batabaev, Mirgalim"]
[Result "0-1"]
[WhiteElo "1451"]
[BlackElo "1921"]
[PlyCount "138"]
[EventDate "2019.02.01"]
[EventType "swiss"]
[EventRounds "9"]
[EventCountry "KGZ"]
[SourceTitle "EXT 2021"]
[Source "ChessBase"]
[SourceDate "2020.10.23"]
[SourceVersion "1"]
[SourceVersionDate "2020.10.23"]
[SourceQuality "1"]

1. e4 b6 2. d4 e6 3. Nf3 Bb7 4. Nbd2 c5 5. c3 Be7 6. Bd3 d6 7. Qe2 Nd7 8. 0-0 Qc7 9. Re1 e5 10. Nc4 Ngf6 11. d5 0-0 12. a4 Ne8 13. Ne3 g6 14. h3 Ndf6 15. Qc2 Ng7 16. Bd2 Bc8 17. c4 Bd7 18. a5 Nfh5 19. Nf1 f6 20. Ra2 Nf4 21. Bxf4 exf4 22. Rea1 bxa5 23. Rxa5 Rfb8 24. N1d2 Rb7 25. Qc3 Kf7 26. Bc2 Nh5 27. Ba4 Bf8 28. Bxd7 Qxd7 29. Qc2 Bg7 30. R1a2 Bf8 31. Qa4 Qxa4 32. R5xa4 Ng7 33. Nb1 Ne8 34. Nc3 Nc7 35. h4 h6 36. Kf1 Be7 37. g3 fxg3 38. fxg3 a6 39. Ke2 Rab8 40. Nd1 Rb6 41. R4a3 Bf8 42. Re3 Bg7 43. Kd2 Rb4 44. Kd3 Re8 45. g4 Reb8 46. Nd2 R8b6 47. Kc2 Bf8 48. Raa3 Be7 49. Rab3 Rxb3 50. Rxb3 Rxb3 51. Kxb3 Ne8 52. Ka4 Bd8 53. Nb3 f5 54. gxf5 gxf5 55. exf5 Bxh4 56. Ka5 Bg5 57. Kxa6 Kf6 58. Kb6 Kxf5 59. Nxc5 dxc5 60. Kxc5 Ke4 61. Nc3+ Kd3 62. d6 h5 63. Nd5 h4 64. Kc6 h3 65. d7 Ng7 66. Kd6 h2 67. Ne7 Bf4+ 68. Kc6 Ne6 69. Kd5 Nd8 0-1

[Event "KGZ-ch HL"]
[Site "Bishkek"]
[Date "2018.05.14"]
[Round "4"]
[White "Mamatov, Melis"]
[Black "Batabaev, Mirgalim"]
[Result "1-0"]
[WhiteElo "2196"]
[BlackElo "1987"]
[PlyCount "95"]
[EventDate "2018.05.11"]
[EventType "swiss"]
[EventRounds "9"]
[EventCountry "KGZ"]
[SourceTitle "EXT 2019"]
[Source "ChessBase"]
[SourceDate "2018.10.10"]
[SourceVersion "1"]
[SourceVersionDate "2018.10.10"]
[SourceQuality "1"]

1. e4 e5 2. Nf3 Nc6 3. Bc4 Be7 4. c3 Nf6 5. d4 d6 6. dxe5 Nxe5 7. Nxe5 dxe5 8. Qc2 Bd7 9. Bg5 b5 10. Bb3 0-0 11. 0-0 c5 12. Bxf6 Bxf6 13. Bd5 Rb8 14. Rd1 Qb6 15. Nd2 Bg4 16. Re1 c4 17. Nf1 Bg5 18. h3 Bd7 19. Rad1 Rbd8 20. Nh2 Qf6 21. Qe2 Qb6 22. Qh5 Qg6 23. Qxg6 hxg6 24. Nf3 Bf6 25. g4 g5 26. Re2 Be6 27. Red2 Bxd5 28. Rxd5 Rxd5 29. Rxd5 a6 30. Kg2 Rc8 31. Ne1 Rd8 32. Kf3 Kf8 33. Nc2 Ra8 34. Nb4 Ke7 35. a4 bxa4 36. Ra5 Kd6 37. Rxa4 a5 38. Nd5 Rb8 39. Ne3 Rb5 40. Rxa5 Kc5 41. Ra8 Rb6 42. Rc8+ Rc6 43. Rxc6+ Kxc6 44. Nxc4 Kc5 45. Na3 Be7 46. b4+ Kc6 47. Ke3 Bd8 48. c4 1-0

[Event "KGZ-ch HL"]
[Site "Bishkek"]
[Date "2018.05.12"]
[Round "2"]
[White "Batabaev, Mirgalim"]
[Black "Tologontegin, Semetey"]
[Result "1/2-1/2"]
[WhiteElo "1987"]
[BlackElo "2398"]
[PlyCount "153"]
[EventDate "2018.05.11"]
[EventType "swiss"]
[EventRounds "9"]
[EventCountry "KGZ"]
[SourceTitle "EXT 2019"]
[Source "ChessBase"]
[SourceDate "2018.10.10"]
[SourceVersion "1"]
[SourceVersionDate "2018.10.10"]
[SourceQuality "1"]

1. d4 g6 2. Nf3 Bg7 3. g3 d6 4. Bg2 f5 5. c3 Nf6 6. Qb3 c6 7. Ng5 d5 8. f3 Qb6 9. Bf4 h6 10. Nh3 Nbd7 11. Nd2 g5 12. Qxb6 axb6 13. Be5 Nxe5 14. dxe5 Nd7 15. f4 gxf4 16. gxf4 e6 17. Bf3 Nf8 18. Rg1 Rh7 19. Bh5+ Ke7 20. Nf3 Bd7 21. a3 Be8 22. Bxe8 Kxe8 23. Kd2 Bh8 24. Rg2 Rg7 25. Rag1 Rxg2 26. Rxg2 Kf7 27. Nh4 Bg7 28. Nf2 Bh8 29. Nh1 Ra4 30. e3 Bxe5 31. b3 Bf6 32. bxa4 Bxh4 33. Ng3 Bf6 34. Nh5 Bh8 35. Rg1 Nd7 36. Rb1 Nc5 37. Rxb6 Kg6 38. Ng3 Bxc3+ 39. Kc2 Ba5 40. Rb1 Bd8 41. Ne2 Kf6 42. Nc3 e5 43. Ne2 Bc7 44. h4 exf4 45. exf4 Kg6 46. Rg1+ Kf7 47. a5 Bxa5 48. h5 Bc7 49. Rg6 Ne6 50. Ng3 Nf8 51. Rxh6 Bxf4 52. Nxf5 Bxh6 53. Nxh6+ Kf6 54. a4 Nd7 55. a5 Ne5 56. Ng8+ Kf7 57. Nh6+ Kf6 58. Ng8+ Kf7 59. Nh6+ Ke6 60. Kb3 c5 61. Ng8 Kf7 62. Nh6+ Ke6 63. Ng8 Nc6 64. h6 Kf7 65. h7 Kg7 66. Nf6 d4 67. Kc4 Nxa5+ 68. Kxc5 Nc6 69. Kc4 b6 70. Ne4 Kxh7 71. Kd5 Na7 72. Kxd4 Kg6 73. Nc3 Kf7 74. Nd5 b5 75. Kc5 Ke6 76. Nc7+ Kd7 77. Nxb5 1/2-1/2

[Event "KGZ-ch HL"]
[Site "Bishkek"]
[Date "2018.05.11"]
[Round "1"]
[White "Batabaev, Mirgalim"]
[Black "Morozov, Aleksandr2222"]
[Result "1-0"]
[WhiteElo "1987"]
[BlackElo "1549"]
[PlyCount "31"]
[EventDate "2018.05.11"]
[EventType "swiss"]
[EventRounds "9"]
[EventCountry "KGZ"]
[SourceTitle "EXT 2019"]
[Source "ChessBase"]
[SourceDate "2018.10.10"]
[SourceVersion "1"]
[SourceVersionDate "2018.10.10"]
[SourceQuality "1"]

1. b3 d5 2. Bb2 Bf5 3. e3 e6 4. Be2 Nf6 5. d3 Bb4+ 6. Nd2 0-0 7. h4 Bxd2+ 8. Kxd2 h6 9. g4 Bh7 10. g5 hxg5 11. hxg5 Ne8 12. Nf3 f6 13. Qg1 Be4 14. g6 Qd6 15. Rh8+ Kxh8 16. Qh1+ 1-0

[Event "Bishkek Smart Cup 3rd"]
[Site "Bishkek"]
[Date "2018.03.21"]
[Round "5"]
[White "Batabaev, Mirgalim"]
[Black "Ishenov, Bakay"]
[Result "1/2-1/2"]
[WhiteElo "1987"]
[BlackElo "1719"]
[PlyCount "108"]
[EventDate "2018.03.17"]
[EventType "tourn"]
[EventRounds "7"]
[EventCountry "KGZ"]
[SourceTitle "EXT 2019"]
[Source "ChessBase"]
[SourceDate "2018.10.10"]
[SourceVersion "1"]
[SourceVersionDate "2018.10.10"]
[SourceQuality "1"]

1. e4 e5 2. Nf3 Nc6 3. Bc4 Be7 4. 0-0 Nf6 5. Re1 0-0 6. Nc3 d6 7. h3 h6 8. d4 exd4 9. Nxd4 Ne5 10. Bb3 c5 11. Nf3 Ng6 12. Nd5 b5 13. c4 Nxd5 14. exd5 bxc4 15. Bxc4 Bf6 16. Qc2 Ne5 17. Nxe5 Bxe5 18. Rb1 Qf6 19. b3 Bf5 20. Bd3 Bxd3 21. Qxd3 a5 22. Bd2 Rfc8 23. Rbc1 a4 24. b4 Bd4 25. Qf3 Qxf3 26. gxf3 Kf8 27. Bf4 Rd8 28. Rc4 a3 29. Be3 Bxe3 30. fxe3 Ra4 31. Rb1 Rb8 32. Rb3 Raxb4 33. Rcxb4 cxb4 34. Kf2 f5 35. Ke2 g5 36. e4 fxe4 37. fxe4 Kf7 38. Kd3 Kf6 39. Kd4 h5 40. Rf3+ Kg6 41. Rb3 g4 42. hxg4 hxg4 43. e5 Kf5 44. exd6 Kf4 45. Kc5 Rc8+ 46. Kb6 g3 47. Rxb4+ Kf3 48. Kb7 g2 49. Rb3+ Kf2 50. Kxc8 g1Q 51. d7 Qg4 52. Rc3 Qf5 53. Rc7 Ke3 54. Kb8 Qxd5 1/2-1/2

[Event "Bishkek Smart Cup 3rd"]
[Site "Bishkek"]
[Date "2018.03.20"]
[Round "4"]
[White "Moldobaev, Erik"]
[Black "Batabaev, Mirgalim"]
[Result "1/2-1/2"]
[WhiteElo "2043"]
[BlackElo "1987"]
[PlyCount "121"]
[EventDate "2018.03.17"]
[EventType "tourn"]
[EventRounds "7"]
[EventCountry "KGZ"]
[SourceTitle "EXT 2019"]
[Source "ChessBase"]
[SourceDate "2018.10.10"]
[SourceVersion "1"]
[SourceVersionDate "2018.10.10"]
[SourceQuality "1"]

1. c4 e6 2. g3 Nf6 3. Bg2 d5 4. Nf3 Be7 5. 0-0 0-0 6. b3 Nbd7 7. Bb2 c6 8. d3 b6 9. Nbd2 Bb7 10. Rc1 Rc8 11. Rc2 Ne8 12. e4 Nc7 13. Qa1 Bf6 14. d4 Re8 15. Rd1 g6 16. Ne5 Na6 17. cxd5 cxd5 18. Rxc8 Qxc8 19. Rc1 Qd8 20. exd5 exd5 21. Ndf3 Bg7 22. Qb1 f6 23. Nd3 Nf8 24. Qc2 Bh6 25. Re1 Rxe1+ 26. Nfxe1 Qd6 27. Qe2 Qe6 28. Bf1 Qxe2 29. Bxe2 Ne6 30. h4 Bf8 31. Bf3 Nb4 32. Nxb4 Bxb4 33. Nc2 Bd6 34. Kf1 Kf7 35. Ke1 f5 36. Ne3 Nc7 37. h5 Kf6 38. hxg6 hxg6 39. Kd2 Ke6 40. Ng2 g5 41. Kc3 Ba6 42. a4 Ne8 43. Bc1 Be7 44. Bd1 Nd6 45. f3 b5 46. Be2 b4+ 47. Kd2 Bxe2 48. Kxe2 Nb7 49. Kd3 Na5 50. Kc2 Nc6 51. Kd3 Bf6 52. Be3 a6 53. Bf2 Kf7 54. Be3 Nd8 55. Bf2 Ne6 56. Be3 Ke8 57. Bf2 Kd7 58. Be3 Kc6 59. Bf2 f4 60. g4 a5 61. Ne1 1/2-1/2

[Event "Bishkek Smart Cup"]
[Site "Bishkek"]
[Date "2017.10.14"]
[Round "8"]
[White "Batabaev, Mirgalim"]
[Black "Toktonazarov, Maniyaz"]
[Result "1-0"]
[WhiteElo "2010"]
[BlackElo "1660"]
[PlyCount "111"]
[EventDate "2017.10.07"]
[EventType "tourn"]
[EventRounds "10"]
[EventCountry "KGZ"]
[SourceTitle "CBM 181 Extra"]
[Source "ChessBase"]
[SourceDate "2017.12.12"]
[SourceVersion "1"]
[SourceVersionDate "2017.12.12"]
[SourceQuality "1"]

1. e4 Nf6 2. Nc3 d5 3. e5 d4 4. exf6 dxc3 5. fxg7 cxd2+ 6. Qxd2 Qxd2+ 7. Bxd2 Bxg7 8. 0-0-0 Nc6 9. Bb5 Bd7 10. Nf3 0-0-0 11. Rhe1 e6 12. Ng5 Be8 13. Be3 a6 14. Rxd8+ Kxd8 15. Bxc6 bxc6 16. Ne4 Kc8 17. Nc5 a5 18. a4 Bf8 19. Nd3 c5 20. Bxc5 Bxa4 21. Bxf8 Rxf8 22. Re5 Bc6 23. g3 Bd5 24. Rh5 Rh8 25. b3 a4 26. bxa4 Kd7 27. Ne5+ Ke7 28. Rh6 Be4 29. f3 Bg6 30. Nxg6+ fxg6 31. Kd2 Kd6 32. Ke3 Kd5 33. h4 c5 34. g4 e5 35. h5 Ra8 36. c4+ Kxc4 37. Rxh7 gxh5 38. Rxh5 Kb4 39. Rxe5 c4 40. Rb5+ Kc3 41. a5 Kc2 42. Rc5 c3 43. f4 Kb2 44. Kd3 Rd8+ 45. Ke4 c2 46. f5 Ra8 47. g5 Rxa5 48. Rxc2+ Kxc2 49. g6 Ra4+ 50. Ke5 Kd3 51. f6 Ra5+ 52. Kf4 Ra4+ 53. Kg5 Ke4 54. f7 Ra5+ 55. Kh6 Rf5 56. Kg7 1-0

[Event "Bishkek Smart Cup"]
[Site "Bishkek"]
[Date "2017.10.13"]
[Round "7"]
[White "Batabaev, Mirgalim"]
[Black "Beshimov, Mikhail"]
[Result "0-1"]
[WhiteElo "2010"]
[BlackElo "1783"]
[PlyCount "102"]
[EventDate "2017.10.07"]
[EventType "tourn"]
[EventRounds "10"]
[EventCountry "KGZ"]
[SourceTitle "CBM 181 Extra"]
[Source "ChessBase"]
[SourceDate "2017.12.12"]
[SourceVersion "1"]
[SourceVersionDate "2017.12.12"]
[SourceQuality "1"]

1. e4 Nf6 2. Nc3 d5 3. e5 d4 4. exf6 dxc3 5. fxg7 cxd2+ 6. Qxd2 Qxd2+ 7. Bxd2 Bxg7 8. 0-0-0 Nc6 9. Bb5 Bd7 10. Nf3 Bf6 11. Bf4 0-0-0 12. g3 a6 13. Bc4 Bg4 14. Rxd8+ Rxd8 15. Ng5 Bxg5 16. Bxg5 f6 17. Bf4 Nd4 18. h3 Be2 19. Bd3 Bxd3 20. cxd3 Ne2+ 21. Kd2 Nxf4 22. gxf4 Rg8 23. Ke3 Kd7 24. Rc1 Rg6 25. Kf3 f5 26. Rc5 Rd6 27. Rc3 Rb6 28. b3 Rc6 29. Rxc6 Kxc6 30. Kg3 Kd5 31. Kh4 Kd4 32. Kg5 Kxd3 33. Kh6 c5 34. Kxh7 b5 35. h4 c4 36. bxc4 bxc4 37. h5 c3 38. h6 c2 39. Kg8 c1Q 40. h7 Qg1+ 41. Kf8 Qh2 42. Kg7 Qg2+ 43. Kf8 Qh3 44. Kg7 Qg4+ 45. Kf8 Qh5 46. Kg7 Ke4 47. h8Q Qxh8+ 48. Kxh8 Kxf4 49. Kg7 Kf3 50. Kg6 e6 51. Kf6 Kxf2 0-1

[Event "Bishkek Smart Cup"]
[Site "Bishkek"]
[Date "2017.10.11"]
[Round "5"]
[White "Batabaev, Mirgalim"]
[Black "Vilinsky, Vladimir"]
[Result "1/2-1/2"]
[WhiteElo "2010"]
[BlackElo "2025"]
[PlyCount "78"]
[EventDate "2017.10.07"]
[EventType "tourn"]
[EventRounds "10"]
[EventCountry "KGZ"]
[SourceTitle "CBM 181 Extra"]
[Source "ChessBase"]
[SourceDate "2017.12.12"]
[SourceVersion "1"]
[SourceVersionDate "2017.12.12"]
[SourceQuality "1"]

1. e4 Nc6 2. Nf3 e6 3. d4 d5 4. Nbd2 Nf6 5. e5 Nd7 6. c3 g6 7. Bd3 Bg7 8. Nf1 h6 9. Ng3 b6 10. a4 a5 11. Bd2 Ba6 12. Bxa6 Rxa6 13. h3 Ne7 14. 0-0 0-0 15. Qc1 Kh7 16. Qc2 c5 17. Nh2 Qc7 18. Qd3 Raa8 19. Nh5 cxd4 20. cxd4 Qc4 21. Qxc4 dxc4 22. Nxg7 Kxg7 23. Ng4 Nf5 24. Bc3 h5 25. Ne3 Rfc8 26. g3 Nb8 27. Kg2 Na6 28. Rad1 Nb4 29. g4 hxg4 30. hxg4 Ne7 31. Rc1 Ned5 32. Bd2 Nd3 33. Nxd5 exd5 34. Bg5 Nxc1 35. Rh1 f6 36. Bxf6+ Kf7 37. Rh7+ Kg8 38. Rg7+ Kf8 39. e6 Re8 1/2-1/2

[Event "KGZ-ch"]
[Site "Bishkek"]
[Date "2017.03.09"]
[Round "7"]
[White "Batabaev, Mirgalim"]
[Black "Orozbaev, Eldiar"]
[Result "1-0"]
[WhiteElo "2018"]
[BlackElo "1629"]
[PlyCount "85"]
[EventDate "2017.03.03"]
[EventType "swiss"]
[EventRounds "9"]
[EventCountry "KGZ"]
[SourceTitle "CBM 177 Extra"]
[Source "ChessBase"]
[SourceDate "2017.04.27"]
[SourceVersion "1"]
[SourceVersionDate "2017.04.27"]
[SourceQuality "1"]

1. d4 Nf6 2. Nc3 d5 3. Bf4 e6 4. Nf3 Nbd7 5. h3 c6 6. a3 b5 7. Nd2 a5 8. e3 Bb7 9. Be2 b4 10. Na4 Nb6 11. c4 Ba6 12. c5 Bxe2 13. Kxe2 Nbd7 14. axb4 Ne4 15. f3 Nxd2 16. Qxd2 f6 17. bxa5 e5 18. Bg3 Rxa5 19. b4 Ra8 20. Nc3 Rc8 21. Ra7 Be7 22. Rha1 0-0 23. Qa2 Nb8 24. b5 Re8 25. Kf1 cxb5 26. Nxb5 Nc6 27. Rb7 Bf8 28. Nd6 Bxd6 29. Qxd5+ Kh8 30. cxd6 Ne7 31. Qe6 Ng6 32. Qf7 Rg8 33. dxe5 Nxe5 34. Bxe5 fxe5 35. d7 Ra8 36. Rxa8 Qxa8 37. Rc7 Rd8 38. Qe7 Rg8 39. Qe6 Qa1+ 40. Kf2 Qb2+ 41. Kg3 Qd2 42. Rc8 Qe1+ 43. Kh2 1-0

[Event "KGZ-ch"]
[Site "Bishkek"]
[Date "2017.03.07"]
[Round "5"]
[White "Batabaev, Mirgalim"]
[Black "Orozobaev, Zamirbek"]
[Result "0-1"]
[WhiteElo "2018"]
[BlackElo "1726"]
[PlyCount "94"]
[EventDate "2017.03.03"]
[EventType "swiss"]
[EventRounds "9"]
[EventCountry "KGZ"]
[SourceTitle "CBM 177 Extra"]
[Source "ChessBase"]
[SourceDate "2017.04.27"]
[SourceVersion "1"]
[SourceVersionDate "2017.04.27"]
[SourceQuality "1"]

1. e4 c5 2. Nf3 Nc6 3. d4 cxd4 4. Nxd4 Nf6 5. Nc3 e6 6. Nxc6 bxc6 7. e5 Nd5 8. Nxd5 cxd5 9. Bd3 Ba6 10. 0-0 Bxd3 11. Qxd3 d6 12. f4 dxe5 13. fxe5 Bc5+ 14. Kh1 0-0 15. Qg3 f5 16. exf6 Rxf6 17. Bg5 Rxf1+ 18. Rxf1 Qd6 19. Bf4 Rf8 20. Rf3 Qd7 21. Be5 Rxf3 22. gxf3 Bf8 23. Qh3 Qf7 24. f4 h6 25. Qg4 Be7 26. Qe2 Qf5 27. Qd3 Kf7 28. Qxf5+ exf5 29. Bd4 a6 30. Kg2 Bd6 31. Kf3 g5 32. Be3 d4 33. Bd2 g4+ 34. Kg3 Ke6 35. a4 Kd5 36. a5 Ke4 37. b4 Kd5 38. Kh4 Kc4 39. b5 Kxb5 40. Kh5 Kc4 41. Kg6 d3 42. Kxf5 dxc2 43. Bc1 Bb4 44. Kxg4 Bxa5 45. f5 Bb4 46. f6 a5 47. Kh5 a4 0-1

[Event "Bishkek op"]
[Site "Bishkek"]
[Date "2013.07.04"]
[Round "3"]
[White "Batabaev, Mirgalim"]
[Black "Otorbaeva, Nuriza"]
[Result "1-0"]
[WhiteElo "2018"]
[BlackElo "1737"]
[PlyCount "87"]
[EventDate "2013.07.02"]
[EventType "swiss"]
[EventRounds "9"]
[EventCountry "KGZ"]
[SourceTitle "EXT 2015"]
[Source "ChessBase"]
[SourceDate "2014.11.20"]
[SourceVersion "1"]
[SourceVersionDate "2014.11.20"]
[SourceQuality "1"]

1. e3 d5 2. b3 e5 3. Bb2 Nc6 4. Bb5 Bd6 5. f4 Qe7 6. Nf3 Bg4 7. fxe5 Bxe5 8. Bxe5 Bxf3 9. Qxf3 Qxe5 10. 0-0 Nf6 11. Bxc6+ bxc6 12. Nc3 0-0 13. Qf4 Qe7 14. Qh4 Rab8 15. Rf4 c5 16. a3 Rfe8 17. Raf1 c6 18. R1f3 Ne4 19. Qxe7 Rxe7 20. Nxe4 dxe4 21. Rf1 Rd8 22. Rd1 Rd5 23. g4 h5 24. h3 hxg4 25. hxg4 Red7 26. Rxe4 Rxd2 27. Rxd2 Rxd2 28. Rc4 Rd5 29. Kf2 f5 30. Kf3 g6 31. g5 a5 32. Ke2 Kf7 33. Ra4 Re5 34. Kd3 Rd5+ 35. Ke2 Re5 36. Kf3 Ke6 37. Rxa5 Kd6 38. Ra7 c4 39. b4 Re6 40. c3 Re4 41. Rg7 Rg4 42. Rxg6+ Kc7 43. Rg7+ Kb6 44. a4 1-0

[Event "KGZ-ch"]
[Site "Bishkek"]
[Date "2013.05.15"]
[Round "7"]
[White "Batabaev, Mirgalim"]
[Black "Sezdbekov, Ruslan"]
[Result "1/2-1/2"]
[WhiteElo "2053"]
[BlackElo "1678"]
[PlyCount "118"]
[EventDate "2013.05.09"]
[EventType "swiss"]
[EventRounds "11"]
[EventCountry "KGZ"]
[SourceTitle "CBM 154 Extra"]
[Source "ChessBase"]
[SourceDate "2013.06.25"]
[SourceVersion "2"]
[SourceVersionDate "2013.06.25"]
[SourceQuality "1"]

1. d4 Nf6 2. Nc3 d5 3. Bf4 Bd7 4. Nf3 g6 5. Ne5 Bg7 6. Nxd7 Qxd7 7. e3 a6 8. Be2 0-0 9. 0-0 Nc6 10. Na4 b6 11. c4 e6 12. Rc1 Rfc8 13. b3 h6 14. h3 dxc4 15. Bxc4 Nb4 16. Qe2 b5 17. Nc5 Qe7 18. Bd3 Nxd3 19. Qxd3 Nd5 20. Bg3 Ra7 21. a3 c6 22. Rfd1 a5 23. f3 b4 24. Be1 Rd8 25. f4 Raa8 26. Bf2 bxa3 27. Ra1 Nxf4 28. Qc4 Nd5 29. Rxa3 Nb6 30. Qc2 e5 31. Qe4 Nd5 32. Rda1 exd4 33. Qxe7 Nxe7 34. e4 d3 35. Rd1 f5 36. exf5 Nxf5 37. Rxd3 Rxd3 38. Nxd3 Rd8 39. b4 axb4 40. Nxb4 Rd1+ 41. Kh2 Rd2 42. Kg1 Rd1+ 43. Kh2 Rf1 44. Nd3 Rb1 45. g4 Nd4 46. Ra8+ Kh7 47. Ra7 Nb5 48. Rb7 Kg8 49. Rb8+ Kf7 50. Rb7+ Kg8 51. Rb8+ Kh7 52. Rb7 Rd1 53. Ne5 Rd2 54. Kg1 Nd6 55. Rd7 Ne4 56. Rxd2 Nxd2 57. Nxc6 Nf3+ 58. Kg2 Ne5 59. Nxe5 Bxe5 1/2-1/2

[Event "KGZ-ch"]
[Site "Bishkek"]
[Date "2013.05.13"]
[Round "5"]
[White "Batabaev, Mirgalim"]
[Black "Isaev, Chyngyz"]
[Result "1-0"]
[WhiteElo "2053"]
[BlackElo "1832"]
[PlyCount "129"]
[EventDate "2013.05.09"]
[EventType "swiss"]
[EventRounds "11"]
[EventCountry "KGZ"]
[SourceTitle "CBM 154 Extra"]
[Source "ChessBase"]
[SourceDate "2013.06.25"]
[SourceVersion "2"]
[SourceVersionDate "2013.06.25"]
[SourceQuality "1"]

1. d4 d5 2. Nc3 Nf6 3. Bf4 c6 4. e3 Bf5 5. f3 h6 6. g4 Bh7 7. Bd3 Bxd3 8. Qxd3 e6 9. Nge2 Bd6 10. 0-0-0 Na6 11. h4 Bxf4 12. Nxf4 Qd6 13. g5 Nd7 14. gxh6 gxh6 15. Rdg1 0-0-0 16. Rg7 Rdf8 17. Nh5 c5 18. dxc5 Ndxc5 19. Qd4 Qd8 20. Qf4 Qe8 21. Nf6 Qc6 22. Nh7 Rd8 23. Rxf7 Nd7 24. Nf6 Nac5 25. Nxd7 Nxd7 26. Rg1 Rhg8 27. Rg4 e5 28. Qb4 Rxg4 29. Qxg4 Kb8 30. h5 Nb6 31. Qf5 Re8 32. Qg6 Re6 33. Qg7 a6 34. Nd1 Ka7 35. b3 Re8 36. Rc7 Rg8 37. Rxc6 Rxg7 38. Rxh6 Rf7 39. Re6 Nd7 40. Rd6 Nb6 41. Re6 Nd7 42. h6 Rxf3 43. Re7 Nf8 44. Rxe5 Rh3 45. Rf5 Nh7 46. Rxd5 Rxh6 47. a4 Kb6 48. e4 Re6 49. e5 Kc6 50. c4 Ng5 51. Nf2 Nf3 52. Nd3 Re8 53. Kb2 Re6 54. Kc3 Re7 55. a5 Re8 56. b4 Re7 57. Rc5+ Kd7 58. b5 axb5 59. cxb5 Ke6 60. b6 Rf7 61. a6 bxa6 62. Rc6+ Kd5 63. Rd6+ Ke4 64. e6 Rf8 65. b7 1-0

[Event "KGZ-ch"]
[Site "Bishkek"]
[Date "2012.04.11"]
[Round "11"]
[White "Batabaev, Mirgalim"]
[Black "Tologontegin, Semetey"]
[Result "0-1"]
[WhiteElo "2079"]
[BlackElo "2310"]
[PlyCount "50"]
[EventDate "2012.04.01"]
[EventType "swiss"]
[EventRounds "11"]
[EventCountry "KGZ"]
[SourceTitle "EXT 2013"]
[Source "ChessBase"]
[SourceDate "2012.11.22"]
[SourceVersion "1"]
[SourceVersionDate "2012.11.22"]
[SourceQuality "1"]

1. b3 e5 2. Bb2 Nc6 3. e3 Nf6 4. Ne2 d5 5. f4 Bd6 6. fxe5 Nxe5 7. Nf4 Ne4 8. g3 Qg5 9. Bxe5 Bxe5 10. d4 Bd6 11. Bg2 Bb4+ 12. Kf1 c6 13. a3 Bd6 14. Nd2 Nf6 15. Nf3 Qh6 16. Qe2 0-0 17. c4 Re8 18. cxd5 Bxf4 19. gxf4 Nxd5 20. Ne5 Bh3 21. Re1 f6 22. Ng4 Bxg4 23. Qxg4 Nxe3+ 24. Rxe3 Rxe3 25. d5 f5 0-1